000 00367nam a2200145 i 4500
001 bg
100 1 _aWYATT, Oliver H.
245 0 _aMetals, Ceramics and Polymers /
_cOliver H. Wyatt, David Dew-Hughes.
260 _aCambridge,
_c1974.
700 1 _aDEW-HUGHES, David
040 _cBPK
041 _apol
942 _cKS
008 s pl f |000 0 pol
999 _c26400
_d26400
856 _uhttp://koha.tu.koszalin.pl/cgi-bin/koha/opac-detail.pl?biblionumber=26400
_yKatalog online BPK